| 000 | 00646nam a22002177a 4500 | ||
|---|---|---|---|
| 999 |
_c20932 _d20932 |
||
| 003 | AR-CdUCM | ||
| 008 | 190417b ||||| |||| 00| 0 spa d | ||
| 040 |
_aMUNICIPALIDAD PROVINCIAL DEL CUSCO _cBIBLIOTECA MUNICIPAL DEL CUSCO |
||
| 082 |
_aEP / 372.64 / _bK41 |
||
| 100 |
_aKeng, Keng _943669 |
||
| 245 | _aEl gatito presumido / | ||
| 260 |
_aChina : _bPekín, _c1979. |
||
| 300 |
_bIlustraciones, _c20 cm. _a38 páginas ; |
||
| 505 | _aContenido : Cuentos. | ||
| 650 |
_aLiteratura infantil _9588 |
||
| 650 |
_aCuento _94671 |
||
| 700 |
_aCheng´an, Chiang _943670 |
||
| 700 |
_aTai-sheng, Wu _943671 |
||
| 942 |
_2ddc _cLIBROS |
||
| 945 | _arcc | ||